Statistiques concernant Les pays avec des indications géographique dans leurs nom

Cliquez ici pour prendre le quiz!

Statistiques générales

  • Ce quiz a été pris 175 fois
  • Le résultat moyen est 5 sur 7

Statistiques - réponses

Réponse% Correct
Corée du Nord
94%
Corée du Sud
94%
Soudan du Sud
86%
Afrique du Sud
79%
Macédoine du Nord
58%
Guinée équatoriale
48%
Timor Oriental
45%

Distribution des résultats

Percentile par nombre de réponses

% des personnes avec chaque résultat

Votre développement - résultats

Vous n’avez pas pris ce quiz